000 01074nam a2200301 a 4500
001 BRCA_8435
005 20190320210258.0
008 290512s1985----sp-a######---#000-0#baq-#
020 _a8470861220
041 _abaq
044 _asp
050 4 _aPQ6323
_b.C47 vas 1985
100 1 _aCervantes Saavedra, Miguel de
_d1547-1616
_9213
245 1 0 _aDon Kijote Mantxa´ko
_cZerbantes eta Saabedra´tar Mikel.
260 _aIsaba, España
_bJose Estornes Lasa Argitaldaria
_c1985
300 _a587 p. (v.2)
_bil.
_c21 cm.
500 _aEstado físico : Con cantos dorados
500 _aLibro donado por la Sra. Ma. de Jesús Ilandia, 12.IX.1996
500 _aVer No. de Sist. 7642 (v.1, 1976)
546 _aTexto en : vasco
650 1 4 _aNovela española
_yÉpoca clásica, 1500-1700
_9215
650 1 4 _aLiteratura española
_yÉpoca clásica, 1500-1700
_9216
650 1 4 _aNovela española
_ySiglo XVII
_9217
650 1 4 _aDon Quijote (Personaje ficticio)
_vNovela
_911664
740 0 _aEl Ingenioso Hidalgo Don Quijote de la Mancha
902 _aQAG
942 _2lcc
_cB
999 _c8102
_d8102